| 000 | 01469nam a2200349 i 4500 | ||
|---|---|---|---|
| 003 | EG-GICUC | ||
| 005 | 20260430082248.0 | ||
| 008 | 260430s1914 ua fr|||| 000 0 ara d | ||
| 040 |
_a EG-GICUC _bara _c EG-GICUC _d EG-GICUC _erda |
||
| 041 | 0 | _aARABIC. | |
| 082 | 0 | 4 |
_221 _a345.5 _bع ب . م |
| 092 | 0 | 4 | _221 |
| 099 | _aLaw1 07 345.5 1 ed - ع ب . م 1914 | ||
| 100 | 0 |
_aذهني، عبد السلام، _eAuthor. |
|
| 245 |
_aمسئولية الحكومة المصرية باعتبارها صاحبة الولاية العامة, _n الجزء الأول / _c تأليف عبد السلام ذهني. |
||
| 264 |
_aمصر : _bمطبعة المعارف بشارع الفجالة، _c۱۳۳۲ هـ = ١٩١٤ م |
||
| 300 |
_a450 صفحة _c24 سم |
||
| 336 |
_2rda content _atext |
||
| 337 |
_2rda media _aComputer |
||
| 338 |
_2rda carrier _aOnline Resource |
||
| 490 | _3 مؤلفات المعهد العلمي الشرقي للمباحث القانونية والاجتماعية ؛ | ||
| 500 | _aيشتمل علي جزء تانى يوجود في نفس الكتاب. | ||
| 504 | _aيشتمل على إرجاعات ببليوجرافية. | ||
| 546 | _aالنص باللغة العربية | ||
| 600 | 1 | 4 | _aالقانون الإداري. |
| 650 | 1 | _2qrmak | |
| 651 | 1 | _2qrmak | |
| 700 |
_a لمبير، إدوار _eeditor. |
||
| 856 | 4 | 0 | _uhttps://fll.law.cu.edu.eg/fulltext/bks/B07-04801.pdf |
| 905 | _a171 | ||
| 942 |
_2ddc _cBK _e21 _n0 |
||
| 999 |
_c74383 _d74383 |
||